Počítače a jejich použití v elektro-energetice

Uložené v:
Podrobná bibliografia
Hlavný autor: Ibler, Zbyněk
Médium: Kniha
Jazyk:Czech
Vydavateľské údaje: Praha Státní nakladatelství technické literatury 1987
Tagy: Pridať tag
Žiadne tagy, Buďte prvý, kto otaguje tento záznam!

MARC

LEADER 00000nam a2200000 4500
001 c024076
005 20250930080002.6
041 0 |a cze 
044 |a CZ 
245 1 0 |a Počítače a jejich použití v elektro-energetice  |c Zbyněk Ibler a kol. 
264 1 |a Praha  |b Státní nakladatelství technické literatury  |c 1987 
300 |a 205 s. 
100 1 |a Ibler, Zbyněk